Statistics for Big geography quiz

Click here to take the quiz!

General Stats

  • This quiz has been taken 45 times
  • The average score is 13 of 20

Answer Stats

QuestionAnswer% Correct
What is the highest point on Earth?Mt Everest
94%
Which country is located in Africa?Uganda
89%
Which country is not in the EU?Bosnia and Herzegovina
83%
Which of this is a sea?Yellow
83%
Which country is in the Balkans?Greece
78%
Which country is located in the Caribbean?Haiti
78%
What is the longest river in the world?Nile
75%
Which lake is in South America?Titicaca
75%
What is the continent with most countries?Africa
72%
What is the deepest lake in the world?Baikal
69%
Which country is located in Oceania?Marshall Islands
69%
Which country is not Asian?Suriname
67%
Which country is Muslim?Algeria
64%
Which country owns New Caledonia?France
61%
Which country is named after a river?Niger
58%
What is the smallest continent?Oceania
58%
Which country has the Kamchatka peninsula?Russia
56%
Which country uses a quetzal as it's currency?Guatemala
47%
Which country owns Wake island?USA
39%
Which country has a flag that looks similar to Romania?Chad
31%

Score Distribution

Percentile by Number Answered

Percent of People with Each Score

Your Score History

You have not taken this quiz